00644nam a2200169 450000500170000000800410001702000180005804100120007608200150008810000190010324500610012226000340018330000080021736500190022552002180024465000120046220260210145521.0260130b |||||||| |||| 00| 0 eng d a9781782211419 aEnglish a746.1bCAL aCallender Jane aStitched Shibori: Technique, Innovation, Pattern, Design aHong KongbSearch Pressc2024 a176 b2121.05cRs.00 aWhat Is Shibori? Introduction Shibori Tradition TECHNIQUES • Preparation • The Process PATTERN DYES • Indigo • Natural Dyes • Cold Water Fibre-Reactive Dyes Health And Safety Shibori Equipment  aShibori